Estudio de prefactibilidad del proyecto de mejoramiento y ampliación del sistema de agua potable de la comunidad Villa San Ramón municipio de Diriamba del departamento de Carazo
El presente estudio el diseño, costos y presupuesto que serían necesarios para llevar a cabo el proyecto en mención y los beneficios que este mismo traería a los pobladores de la comunidad. Como resultado de este diseño y su posterior fase de implementación se proveerá de agua de consumo huma...
| Main Authors: | , |
|---|---|
| Other Authors: | |
| Format: | Tesis Section = Libro |
| Language: | Undetermined Spanish |
| Published: |
Managua
UNI
2022
|
| Subjects: |
| LEADER | 01343nam a2200265Ia 4500 | ||
|---|---|---|---|
| 008 | 240830s9999 xx 000 0 und d | ||
| 040 | |a BIBLIOTECA-RUPAP/ Mon 628.72 A552 | ||
| 041 | |a spa | ||
| 082 | |a Mon 628.72 A552 | ||
| 100 | 1 | |a Andino Paiz, Marvin Sebastián | |
| 100 | 1 | |b Rivera Ramírez, Jaime Samuel | |
| 245 | 1 | 0 | |a Estudio de prefactibilidad del proyecto de mejoramiento y ampliación del sistema de agua potable de la comunidad Villa San Ramón municipio de Diriamba del departamento de Carazo |
| 260 | |a Managua |b UNI |c 2022 | ||
| 300 | |a 92 p. :il. | ||
| 500 | |a Contiene: anexos y CD. | ||
| 502 | |a Tesis (Ingeniero Agrícola) - UNI, 2022. | ||
| 520 | 3 | |a El presente estudio el diseño, costos y presupuesto que serían necesarios para llevar a cabo el proyecto en mención y los beneficios que este mismo traería a los pobladores de la comunidad. Como resultado de este diseño y su posterior fase de implementación se proveerá de agua de consumo humano en cantidad y calidad suficiente a sus habitantes, para poder contribuirles en su mejoramiento de la calidad de vida. | |
| 650 | 7 | |a AGUA POTABLE | |
| 650 | 7 | |b ABASTECIMIENTO DE AGUA | |
| 650 | 7 | |c ESTUDIO DE FACTIBILIDAD | |
| 650 | 7 | |d PROYECTOS DE INVERSION | |
| 700 | 1 | |a Tutor: |b Acevedo Ampie, Guillermo | |
| 942 | |c BK |2 ddc | ||
| 991 | |a Tesis | ||
| 999 | |c 27728 | ||